00339 2200145 4500245005700000020001400057250001100071100002100082650001700103005001900120260001800139041001400157084001300171336000900184 aCaptain Tsubasa Road To 2002cYoichi TakahashihText a979206706 aCet. 1 aYoichi Takahashi aKomik Jepang a20240903091131 aJakartac2002 aIndonesia a741.5592 atext